Forbidden places : (Record no. 353045)
[ view plain ]
| 000 -LEADER | |
|---|---|
| fixed length control field | 01585 a2200253 4500 |
| 003 - CONTROL NUMBER IDENTIFIER | |
| control field | OSt |
| 005 - DATE AND TIME OF LATEST TRANSACTION | |
| control field | 20180116192354.0 |
| 008 - FIXED-LENGTH DATA ELEMENTS--GENERAL INFORMATION | |
| fixed length control field | 120601t xxu||||| |||| 00| 0 eng d |
| 020 ## - INTERNATIONAL STANDARD BOOK NUMBER | |
| International Standard Book Number | 2915807825 (hardcover) |
| 020 ## - INTERNATIONAL STANDARD BOOK NUMBER | |
| International Standard Book Number | 9782915807820 (hardcover) |
| 040 ## - CATALOGING SOURCE | |
| Transcribing agency | 0 |
| 082 04 - DEWEY DECIMAL CLASSIFICATION NUMBER | |
| Classification number | 778.94 |
| 100 1# - MAIN ENTRY--PERSONAL NAME | |
| Personal name | Margaine, Sylvain. |
| 9 (RLIN) | 3287 |
| 245 10 - TITLE STATEMENT | |
| Title | Forbidden places : |
| Remainder of title | exploring our abandoned heritage / |
| Statement of responsibility, etc. | Sylvain Margaine. |
| 250 ## - EDITION STATEMENT | |
| Edition statement | First ed. |
| 260 ## - PUBLICATION, DISTRIBUTION, ETC. | |
| Place of publication, distribution, etc. | France : |
| Name of publisher, distributor, etc. | Jonglez Publishing, |
| Date of publication, distribution, etc. | 2009. |
| 300 ## - PHYSICAL DESCRIPTION | |
| Extent | 254 p. : |
| Other physical details | ill. ; |
| Dimensions | 30 cm. |
| 520 ## - SUMMARY, ETC. | |
| Summary, etc. | Head off to explore the filming location of 12 Monkeys, Michael Jackson’s hometown turned ghost town, Berlin’s 1936 Olympic Village, deconsecrated churches, forgotten castles, deserted train stations, prisons and mental asylums, a cemetery of rusted locomotives, abandoned steel factories, phantom metro stations, and more. For 10 years, Sylvain Margaine has traveled the world in search of these forbidden and forgotten places. An exceptional photographic rep |
| 650 10 - SUBJECT ADDED ENTRY--TOPICAL TERM | |
| Topical term or geographic name entry element | Abandonment of propert |
| 9 (RLIN) | 3288 |
| 650 10 - SUBJECT ADDED ENTRY--TOPICAL TERM | |
| Topical term or geographic name entry element | Photography, Artistic |
| 9 (RLIN) | 3289 |
| 856 ## - ELECTRONIC LOCATION AND ACCESS | |
| Materials specified | Amazon.com |
| Uniform Resource Identifier | <a href="http://www.amazon.com/exec/obidos/ASIN/2915807825/chopaconlin">http://www.amazon.com/exec/obidos/ASIN/2915807825/chopaconlin</a> |
| 942 ## - ADDED ENTRY ELEMENTS (KOHA) | |
| Institution code [OBSOLETE] | SADA |
| Koha item type | Book |
| Call number prefix | 778.94 MAR 2009 |
| Source of classification or shelving scheme | |
| Withdrawn status | Lost status | Source of classification or shelving scheme | Damaged status | Not for loan | Permanent Location | Current Location | Date acquired | Total Checkouts | Total Renewals | Full call number | Barcode | Date last seen | Date last checked out | Cost, replacement price | Price effective from | Koha item type |
|---|---|---|---|---|---|---|---|---|---|---|---|---|---|---|---|---|
| School of Art Design and Architecture (SADA) | School of Art Design and Architecture (SADA) | 04/19/2011 | 6 | 3 | 778.94 MAR 2009 | SADA0000952 | 11/05/2015 | 10/16/2015 | 3251.00 | 08/05/2011 | Book |
